00716nam a2200217 a 450000500170000000800410001701000140005802000230007202000180009503500130011303700150012604000180014108200120015910000180017124500560018926000430024530000310028850000510031952000860037065100420045620080717065509.0071030s2008 ii b 001 0 eng  aENG-91340 a8178271915c900.00 a9788178271910 aEN-74873 bDBAD / PUB adplbEnglish  a320.954 aKumar Rajesh  aThe Janata enigma:cby Kumar Rajesh b30 out o 60 / aNew Delhi :bManak Publicationsc2008. axxxiv, 318 p. c23 cm (Hb) aIncludes bibliographical references and index. aBiography of Maḥmūdulḥasan, 1851-1920, freedom fighter and Islamic scholar. aIndiaxPolitics and governmenty1977-